| 000 | 00554nam a2200193 a 4500 | ||
|---|---|---|---|
| 001 | BRCA_6831 | ||
| 005 | 20190320205617.0 | ||
| 008 | 081111s1905----gw-a######---#000-0#ger-# | ||
| 050 | 4 |
_aPT2642 _b.H58 A77 _c1905 |
|
| 245 | 1 | 0 |
_aAssesor Karlchen _bund andere Geschichten _cLudwig Thoma. |
| 260 |
_aMĂșnich, Alemania _bAlbert Langen _c[1905] |
||
| 300 |
_a160 p. _bil. _c15 cm. |
||
| 440 | 0 |
_aKleine Bibliothek Langen _p34 _917033 |
|
| 500 | _aO17 | ||
| 610 | 2 | 4 |
_aThoma, Ludwig _917034 |
| 650 | 1 | 4 |
_aLiteratura Alemana _96160 |
| 902 | _aGFM | ||
| 942 |
_2lcc _cB |
||
| 999 |
_c6514 _d6514 |
||